Vente

Guardado en:
Detalles Bibliográficos
Formato: Libro
Lenguaje:francés
Publicado: Paris Groupe Expansion 1975
Edición:1. éd.
Materias:
Etiquetas: Agregar Etiqueta
Sin Etiquetas, Sea el primero en etiquetar este registro!

MARC

LEADER 00000nam a2200000 4500
001 c001296
005 20221220103357.4
041 0 |a fre 
044 |a FR 
245 1 0 |a Vente 
250 |a 1. éd. 
264 1 |a Paris  |b Groupe Expansion  |c 1975 
300 |a 154 s. 
610 2 0 |a predaj 
610 2 0 |a zákazníci 
610 2 0 |a podnik obchodný 
610 2 0 |a vzťahy tovarovo-peňažné 
610 2 0 |a vzťahy trhové 
610 2 0 |a služby obchodno-technické 
610 2 0 |a technika predaja 
610 2 0 |a distribúcia 
610 2 0 |a logistika